Guess The Artist By Number - Statistics

General Stats
  • This quiz has been taken 37 times
    26 since last reset
  • The average score is 4 of 15
Answer Stats
Hint Answer % Correct
In Da Club 50 Cent
80%
Hold On Loosely .38 Special
44%
What's Up 4 Non Blondes
40%
GOOBA 6ix9ine
40%
Aquarius / Let The Sunshine In The 5th Dimension
40%
Changes 2PAC
36%
Youngblood 5 Seconds of Summer
36%
I'm Not In Love 10cc
32%
DONTTRUSTME 3OH!3
24%
Spiral 21 Savage
20%
Thunderstruck (Instrumental) 2CELLOS
12%
Amber 311
12%
Wasteland 10 Years
8%
Where My Girls At 702
8%
Broken 12 Stones
4%
No matching quizzes found
Score Distribution
Percent of People with Each Score
Percentile by Number Answered
Your Score History
You have not taken this quiz since the last reset